00243nam a2200097Ia 4500008004100000100001800041245002600059260003400085260000900119999001700128170620s9999 xx 000 0 und d aHughes- A. G. 0aLearning and Teaching bNew Delhi- Sonali Publication c2003 c24412d24412